000
00217nam a22000857a 4500
008
221213b |||||||| |||| 00| 0 eng d
020
_a
9355617552
100
_a
Pandey Sanjiv
_9
7646
245
_a
Science Sample Paper-Class-10
999
_c
12208
_d
12208